000 00839cab a2200289 4500
001 ABS52244
008 090401t1995 xxu||||| |||| 00| 0 eng d
035 _a(Sirsi) u67840
041 _aeng
100 _aCatt, R.
245 _aRestraining the processes of decay
260 _c1995
350 _a0
490 _aValuer (ISVA)
_v64(2) March 1995, 16-17(2)
520 _aLooks at techniques to repair damaged stonework and asks whether `invisible mending` is always necessary. Useful sources of reference.
650 _aCONSERVATON
650 _aHISTORIC BUILDINGS
650 _aINVISIBLE MENDING
650 _aPPG15
650 _aREPAIRS
650 _aREPLACEMENT
650 _aREPOINTING
650 _aSTONEWORK
690 _aBUILDING AND CONSTRUCTION-REPAIRS AND MAINTENANCE
942 _n0
948 _c04/03/1997
999 _c42500
_d42500